[Event "10th Essent op"]
[Site "Hoogeveen NED"]
[Date "2006.10.24"]
[Round "5.13"]
[White "Ibrahimov, Rasul"]
[Black "Shumiakina, Tatiana"]
[Result "1/2-1/2"]
[WhiteElo "2541"]
[BlackElo "2363"]
[EventDate "2006.10.20"]
[PlyCount "98"]

1.c4 e5 2.Nc3 Bb4 3.Nf3 Nc6 4.g3 Bxc3 5.bxc3 Nf6 6.Bg2 O-O 7.O-O d6 8.d3 
h6 9.e4 Bg4 10.h3 Be6 11.Be3 Ne7 12.Nd2 Nh7 13.d4 f5 14.dxe5 dxe5 15.exf5 
Nxf5 16.Bc5 Nd6 17.Re1 Qd7 18.Nf3 e4 19.Ne5 Qd8 20.Ng6 Rf6 21.Bxd6 cxd6 
22.Nf4 Bxc4 23.Rxe4 Be6 24.Nd5 Bxd5 25.Qxd5+ Rf7 26.Rd4 Qc7 27.c4 Rd8 28.
Rad1 b6 29.Qe6 Nf8 30.Qg4 Rf6 31.Re1 Ng6 32.Bd5+ Kh8 33.Kg2 Rdf8 34.f4 Ne7
35.Be4 Nf5 36.Bxf5 Rxf5 37.Re6 R5f6 38.Rxf6 Rxf6 39.Qe2 Qf7 40.Re4 Kh7 41.
Qd3 Kg8 42.h4 Re6 43.Rxe6 Qxe6 44.h5 Kf7 45.Kf3 Qh3 46.Qg6+ Kg8 47.Ke3 Qf1
48.Qe8+ Kh7 49.Qe4+ Kh8 1/2-1/2

[Event "10th Essent op"]
[Site "Hoogeveen NED"]
[Date "2006.10.24"]
[Round "5.14"]
[White "Slingerland, Fred"]
[Black "Van der Wiel, John"]
[Result "1/2-1/2"]
[WhiteElo "2331"]
[BlackElo "2522"]
[EventDate "2006.10.20"]
[PlyCount "48"]

1.e4 c5 2.Nf3 d6 3.d4 cxd4 4.Nxd4 Nf6 5.Nc3 Nc6 6.Be2 g6 7.O-O Bg7 8.Nb3 
O-O 9.Re1 a6 10.Bf1 Bg4 11.f3 Bd7 12.Nd5 b5 13.Kh1 Re8 14.Bg5 Nxd5 15.exd5
Ne5 16.Nd4 Qb6 17.c3 Qb7 18.f4 Ng4 19.Qf3 Bxd4 20.cxd4 f6 21.Bh4 Nh6 22.h3
Nf5 23.Bf2 e6 24.Rac1 exd5 1/2-1/2

[Event "10th Essent op"]
[Site "Hoogeveen NED"]
[Date "2006.10.24"]
[Round "5.15"]
[White "Tondivar, Babak"]
[Black "Dambacher, Martijn"]
[Result "0-1"]
[WhiteElo "2367"]
[BlackElo "2429"]
[EventDate "2006.10.20"]
[PlyCount "90"]

1.d4 e6 2.c4 c5 3.d5 exd5 4.cxd5 d6 5.Nc3 g6 6.Nf3 Bg7 7.g3 a6 8.a4 Ne7 9.
Bg2 O-O 10.O-O h6 11.Nd2 Nd7 12.Nc4 Nb6 13.Na3 g5 14.a5 Nd7 15.Nc4 Ne5 16.
Nb6 Rb8 17.e4 g4 18.Ne2 Bd7 19.Nxd7 Qxd7 20.Nf4 N7g6 21.h4 c4 22.Nh5 f5 
23.Nxg7 Qxg7 24.h5 Ne7 25.Bf4 fxe4 26.Bxe4 Rxf4 27.gxf4 Nf3+ 28.Kg2 Kh8 
29.Qc2 Rf8 30.Qc3 Rxf4 31.Qxg7+ Kxg7 32.Bxf3 gxf3+ 33.Kg3 Nxd5 34.Rad1 Rf5
35.Rd4 Nf6 36.Rxc4 Nxh5+ 37.Kg4 Kg6 38.Re1 Nf6+ 39.Kg3 d5 40.Rb4 Ne4+ 41.
Kh2 Rh5+ 42.Kg1 Rg5+ 43.Kh2 Rg2+ 44.Kh3 Nxf2+ 45.Kh4 Ne4 0-1

[Event "10th Essent op"]
[Site "Hoogeveen NED"]
[Date "2006.10.24"]
[Round "5.16"]
[White "Willemze, Jeroen"]
[Black "Hoeksema, Hendrik Pieter"]
[Result "1/2-1/2"]
[WhiteElo "2423"]
[BlackElo "2374"]
[EventDate "2006.10.20"]
[PlyCount "80"]

1.e4 c5 2.Nf3 d6 3.d4 cxd4 4.Nxd4 Nf6 5.Nc3 a6 6.Be3 e6 7.f3 Nc6 8.Qd2 Be7
9.O-O-O O-O 10.g4 Nxd4 11.Bxd4 b5 12.Kb1 Nd7 13.Qf2 Qc7 14.h4 b4 15.Ne2 
Bb7 16.Ng3 d5 17.Bd3 Rac8 18.f4 dxe4 19.Bxe4 Bxe4 20.Nxe4 Nc5 21.Ng3 Rfd8 
22.g5 Rd5 23.Be3 Qd7 24.Qf3 Rd8 25.Rxd5 Qxd5 26.Qxd5 Rxd5 27.Kc1 f5 28.Rd1
Rxd1+ 29.Kxd1 Bd6 30.Ke2 Na4 31.Bc1 g6 32.Nf1 e5 33.fxe5 Bxe5 34.a3 bxa3 
35.bxa3 Kf7 36.Kd3 Ke6 37.Kc4 Bd6 38.Kd4 Be5+ 39.Kc4 Bd6 40.Kd4 Be5+ 
1/2-1/2

[Event "10th Essent op"]
[Site "Hoogeveen NED"]
[Date "2006.10.24"]
[Round "5.17"]
[White "Donchenko, Anatoly G"]
[Black "Otte, Marijn Willem"]
[Result "1-0"]
[WhiteElo "2395"]
[BlackElo "2162"]
[EventDate "2006.10.20"]
[PlyCount "121"]

1.d4 Nf6 2.Nf3 g6 3.g3 Bg7 4.Bg2 O-O 5.O-O d6 6.b3 e5 7.dxe5 dxe5 8.Bb2 e4
9.Ng5 Bf5 10.Qxd8 Rxd8 11.Na3 h6 12.Nh3 Nc6 13.Rad1 a6 14.Nf4 Rac8 15.Nc4 
g5 16.Bxf6 Bxf6 17.Ne3 Bh7 18.Nfd5 Bd4 19.Bh3 Rb8 20.c3 Bxe3 21.fxe3 Ne5 
22.Bf5 Bxf5 23.Rxf5 Ng4 24.h3 c6 25.hxg4 cxd5 26.Rfxd5 Rxd5 27.Rxd5 Kg7 
28.Kf2 b5 29.Ke1 Rb6 30.Re5 Kg6 31.Rxe4 f5 32.gxf5+ Kxf5 33.Rd4 h5 34.c4 
bxc4 35.Rxc4 Rd6 36.Kf2 Rf6 37.Kg2 Re6 38.Kf3 g4+ 39.Kf2 Re5 40.Ra4 a5 41.
Rc4 Kg5 42.Rc8 Rf5+ 43.Ke1 Re5 44.e4 a4 45.Rc4 axb3 46.axb3 h4 47.gxh4+ 
Kxh4 48.Kf2 Re8 49.Kg2 Re7 50.b4 Re5 51.Rc2 Rxe4 52.Rb2 Re6 53.b5 Rb6 54.
Rb4 Re6 55.Rb2 Rb6 56.Kh2 Kh5 57.Kg3 Kg5 58.Rb4 Kf5 59.e3 Rb8 60.b6 Rb7 
61.e4+ 1-0

[Event "10th Essent op"]
[Site "Hoogeveen NED"]
[Date "2006.10.24"]
[Round "5.19"]
[White "Archangelsky, Mikhail"]
[Black "Van Delft, Merijn"]
[Result "1/2-1/2"]
[WhiteElo "2270"]
[BlackElo "2404"]
[EventDate "2006.10.20"]
[PlyCount "58"]

1.d4 d5 2.Bf4 c5 3.Nc3 Nf6 4.e3 cxd4 5.exd4 a6 6.Bd3 Bg4 7.Nce2 e6 8.c3 
Nc6 9.Qd2 Bh5 10.Ng3 Bg6 11.Nf3 Be7 12.O-O O-O 13.Bxg6 hxg6 14.Rfe1 Rc8 
15.Qe2 Nd7 16.Nf1 Na5 17.Ne3 Re8 18.Ng4 Nc4 19.Nge5 Ndxe5 20.Nxe5 Nxe5 21.
Bxe5 Bd6 22.Qg4 b5 23.a3 a5 24.h4 b4 25.axb4 axb4 26.Bxd6 Qxd6 27.Re3 bxc3
28.bxc3 Rc4 29.Rh3 e5 1/2-1/2

[Event "10th Essent op"]
[Site "Hoogeveen NED"]
[Date "2006.10.24"]
[Round "5.21"]
[White "Afek, Yochanan"]
[Black "Ly, Moulthun"]
[Result "1/2-1/2"]
[WhiteElo "2372"]
[BlackElo "2274"]
[EventDate "2006.10.20"]
[PlyCount "78"]

1.e4 e6 2.d4 d5 3.e5 c5 4.c3 Nc6 5.Nf3 Bd7 6.Bd3 cxd4 7.cxd4 Qb6 8.Nc3 
Nxd4 9.Nxd4 Qxd4 10.O-O a6 11.Qe2 Qh4 12.Be3 Nh6 13.g3 Qh3 14.f3 Rc8 15.
Qf2 Nf5 16.Ba7 Be7 17.Ne2 g5 18.Nd4 O-O 19.Nxf5 exf5 20.f4 g4 21.Rac1 Qh6 
22.Bd4 Rc6 23.Qe3 Rfc8 24.Rxc6 Qxc6 25.Kf2 Be6 26.Kg2 Bc5 27.Kf2 Qb6 28.
Bxc5 Rxc5 29.Kg1 Qc6 30.Qd4 Rc1 31.Rxc1 Qxc1+ 32.Bf1 Bd7 33.Qc3 Qd1 34.Qc7
Qd4+ 35.Kg2 Qxb2+ 36.Kh1 Qf2 37.Qd8+ Kg7 38.Qf6+ Kf8 39.Qh8+ Ke7 1/2-1/2

[Event "10th Essent op"]
[Site "Hoogeveen NED"]
[Date "2006.10.24"]
[Round "5.22"]
[White "Vedder, Richard"]
[Black "Bednar, Jaromir"]
[Result "0-1"]
[WhiteElo "2248"]
[BlackElo "2369"]
[EventDate "2006.10.20"]
[PlyCount "85"]

1.e4 d5 2.exd5 Nf6 3.Nc3 Nxd5 4.Bc4 Nb6 5.Bb3 c5 6.Qh5 c4 7.Bxc4 Nxc4 8.
Qb5+ Bd7 9.Qxc4 Bc6 10.f3 e6 11.Nge2 Nd7 12.Ng3 Bd6 13.Nce4 Bc7 14.O-O O-O
15.d4 Rc8 16.Qe2 e5 17.dxe5 Bxe5 18.c3 a6 19.Rd1 Qc7 20.Qf2 Bxe4 21.fxe4 
Nf6 22.Qf3 Rfe8 23.Re1 Qb6+ 24.Kh1 Bxg3 25.hxg3 Re5 26.Be3 Qe6 27.Bd4 Rxe4
28.Rxe4 Nxe4 29.g4 Re8 30.Kg1 h6 31.b3 b5 32.b4 Ng5 33.Qd1 Qc6 34.a4 Re4 
35.axb5 axb5 36.Ra5 Qe6 37.Bf2 Rxg4 38.Qd3 Qc6 39.g3 Nh3+ 40.Kf1 Qh1+ 41.
Ke2 Re4+ 42.Kd2 Nxf2 43.Ra8+ 0-1

[Event "10th Essent op"]
[Site "Hoogeveen NED"]
[Date "2006.10.24"]
[Round "5.24"]
[White "Schenkeveld, Daniel"]
[Black "Pruijssers, Roeland"]
[Result "0-1"]
[WhiteElo "2036"]
[BlackElo "2339"]
[EventDate "2006.10.20"]
[PlyCount "110"]

1.e4 e5 2.Nf3 Nc6 3.Bb5 a6 4.Bxc6 dxc6 5.Nc3 f6 6.d4 exd4 7.Nxd4 c5 8.Nde2
Qxd1+ 9.Nxd1 Be6 10.Bf4 O-O-O 11.Ne3 Ne7 12.Rd1 Re8 13.Kd2 g5 14.Bg3 f5 
15.Be5 Rg8 16.exf5 Nxf5 17.Ng4 Nd6 18.Nf6 Nc4+ 19.Kc1 Bg7 20.Nxg8 Nxe5 21.
Ng3 Bxg8 22.Ne4 Nc4 23.Rhe1 Bxb2+ 24.Kb1 Bd4 25.c3 Bg7 26.Nxc5 Rxe1 27.
Rxe1 Bf7 28.Ne4 Bg6 29.Kc1 g4 30.Kd1 Kd7 31.f4 gxf3 32.gxf3 Be5 33.h4 b5 
34.Nc5+ Kd6 35.Nxa6 Bxc3 36.Rg1 Bf6 37.Ke2 Bxh4 38.Rd1+ Kc6 39.Nb4+ Kc5 
40.Nd5 Nb2 41.Rh1 Kxd5 42.Rxh4 c5 43.Rg4 b4 44.Rg5+ Kd4 45.f4 Bd3+ 46.Kd2 
c4 47.Rg7 c3+ 48.Kc1 Bf5 49.Rc7 Nd3+ 50.Kc2 Nc5+ 51.Kd1 Bb1 52.Kc1 Bxa2 
53.Rxh7 b3 54.Rh2 b2+ 55.Rxb2 Nd3+ 0-1

[Event "10th Essent op"]
[Site "Hoogeveen NED"]
[Date "2006.10.24"]
[Round "5.25"]
[White "Bensdorp, Marlies"]
[Black "Brandenburg, Daan"]
[Result "1/2-1/2"]
[WhiteElo "2264"]
[BlackElo "2421"]
[EventDate "2006.10.20"]
[PlyCount "69"]

1.d4 Nf6 2.c4 g6 3.Nc3 Bg7 4.e4 d6 5.Bd3 O-O 6.Nge2 Nc6 7.O-O Nh5 8.Be3 e5
9.d5 Ne7 10.Qd2 f5 11.exf5 gxf5 12.f4 Ng6 13.Rae1 c5 14.fxe5 Bxe5 15.Bg5 
Qd7 16.Rf3 a6 17.Ref1 Ng7 18.Kh1 Qe8 19.Ng3 b5 20.Nxf5 Bxf5 21.Bxf5 Nxf5 
22.Rxf5 Rxf5 23.Rxf5 bxc4 24.h3 Rb8 25.Bf6 Rxb2 26.Qxb2 Bxf6 27.Qe2 Qxe2 
28.Nxe2 Be5 29.Rf3 Ne7 30.Nc3 Kg7 31.Kg1 Bd4+ 32.Kh2 Be5+ 33.Kg1 Ng6 34.
Ne2 Ne7 35.Nc3 1/2-1/2

[Event "10th Essent op"]
[Site "Hoogeveen NED"]
[Date "2006.10.24"]
[Round "5.26"]
[White "Weeks, Manuel"]
[Black "Hendriks, Willy"]
[Result "0-1"]
[WhiteElo "2247"]
[BlackElo "2438"]
[EventDate "2006.10.20"]
[PlyCount "80"]

1.e4 d6 2.d4 Nf6 3.Nc3 g6 4.Nf3 Bg7 5.Be2 O-O 6.O-O Bg4 7.Be3 Nc6 8.Qd3 e5
9.d5 Ne7 10.Rad1 Bd7 11.Nd2 Ne8 12.f4 f5 13.Qc4 Kh8 14.fxe5 dxe5 15.Qb4 
Nd6 16.Nc4 Nec8 17.Bc5 a5 18.Qb3 b5 19.Nxd6 cxd6 20.Be3 b4 21.Nb1 Nb6 22.
Nd2 Qc7 23.Qd3 Na4 24.Rb1 Rac8 25.Rfc1 Nc5 26.Qc4 Qb7 27.exf5 gxf5 28.Qh4 
Qxd5 29.Bc4 Qb7 30.Qe7 Qc6 31.Qh4 d5 32.Bf1 f4 33.Bf2 e4 34.Nb3 Nxb3 35.
cxb3 Qxc1 36.Rxc1 Rxc1 37.Be1 d4 38.h3 d3 39.Bd2 Bd4+ 40.Kh2 Rxf1 0-1

[Event "10th Essent op"]
[Site "Hoogeveen NED"]
[Date "2006.10.24"]
[Round "5.27"]
[White "Berger, Steve"]
[Black "Van der Veen, Jan"]
[Result "1-0"]
[WhiteElo "2412"]
[BlackElo "2142"]
[EventDate "2006.10.20"]
[PlyCount "101"]

1.Nc3 d5 2.e4 Nf6 3.exd5 Nxd5 4.Bc4 Nb6 5.Bb3 N8d7 6.d4 e6 7.Ne4 Nf6 8.
Nxf6+ Qxf6 9.Nf3 h6 10.O-O Bd7 11.a4 Bd6 12.c4 Nc8 13.Bd2 O-O 14.Bc3 Qf4 
15.Qd3 c6 16.Bc2 Qf5 17.Qe2 Qh5 18.Rfe1 Ne7 19.Qd3 Qf5 20.Qd1 Qh5 21.Ne5 
Qxd1 22.Raxd1 Rfd8 23.b4 Bc8 24.Be4 f6 25.Nd3 Kf7 26.a5 g5 27.g3 Rb8 28.
Ra1 Bd7 29.Kg2 Be8 30.h4 Bd7 31.Rh1 Rh8 32.hxg5 hxg5 33.Rxh8 Rxh8 34.Rd1 
Nf5 35.Ne5+ Ke8 36.Nxd7 Kxd7 37.d5 cxd5 38.cxd5 Be5 39.Bxe5 fxe5 40.dxe6+ 
Kxe6 41.Bd5+ Ke7 42.Bxb7 Rb8 43.a6 Nd4 44.Kh3 Rf8 45.Rd2 Rd8 46.Kg4 Rd6 
47.f3 Kf6 48.Rh2 Nf5 49.Rh8 Rd4+ 50.Be4 Ne3+ 51.Kh5 1-0

[Event "10th Essent op"]
[Site "Hoogeveen NED"]
[Date "2006.10.24"]
[Round "5.28"]
[White "Giddins, Stephen"]
[Black "Van de Oudeweetering, Arthur"]
[Result "0-1"]
[WhiteElo "2197"]
[BlackElo "2364"]
[EventDate "2006.10.20"]
[PlyCount "46"]

1.Nf3 d5 2.d4 Nf6 3.c4 c6 4.e3 g6 5.Nc3 Bg7 6.Be2 O-O 7.O-O a6 8.a4 a5 9.
cxd5 Nxd5 10.e4 Nb4 11.Be3 Nd7 12.Qd2 Nb6 13.Bh6 Be6 14.Bxg7 Kxg7 15.Ng5 
Bb3 16.Ra3 Bc4 17.Rd1 e5 18.Nf3 exd4 19.Nxd4 Qf6 20.Qc1 Rad8 21.Nf3 Bxe2 
22.Nxe2 Rxd1+ 23.Qxd1 Qxb2 0-1

[Event "10th Essent op"]
[Site "Hoogeveen NED"]
[Date "2006.10.24"]
[Round "5.29"]
[White "Van Kooten, Luuk"]
[Black "Potze, Rudolf"]
[Result "0-1"]
[WhiteElo "2291"]
[BlackElo "2122"]
[EventDate "2006.10.20"]
[PlyCount "68"]

1.e4 c5 2.Nf3 Nc6 3.d4 cxd4 4.Nxd4 Nf6 5.Nc3 e5 6.Ndb5 d6 7.Bg5 a6 8.Na3 
b5 9.Bxf6 gxf6 10.Nd5 f5 11.g3 fxe4 12.Bg2 Bf5 13.f3 h5 14.fxe4 Bg4 15.Bf3
Be6 16.Bxh5 Ra7 17.O-O Qg5 18.c3 Be7 19.Bf3 Bd8 20.Nc2 Bxd5 21.exd5 Bb6+ 
22.Kg2 Ne7 23.a4 Nf5 24.Bg4 Nh6 25.Bh5 Nf5 26.Bg4 Nh6 27.Bh3 f5 28.a5 Bc5 
29.Qc1 Qh5 30.Qd1 Ng4 31.Bxg4 Qxh2+ 32.Kf3 fxg4+ 33.Ke4 Qg2+ 34.Kf5 Rf7+ 
0-1

[Event "10th Essent op"]
[Site "Hoogeveen NED"]
[Date "2006.10.24"]
[Round "5.30"]
[White "Mamedjarova, Turkan"]
[Black "Kulago, Alexander"]
[Result "1-0"]
[WhiteElo "2274"]
[BlackElo "2114"]
[EventDate "2006.10.20"]
[PlyCount "97"]

1.e4 e5 2.Nf3 Nc6 3.Nc3 Nf6 4.d4 exd4 5.Nxd4 Nxe4 6.Nxe4 Qe7 7.Bd3 Nxd4 8.
O-O d5 9.Ng3 Be6 10.c3 Nc6 11.f4 Qc5+ 12.Kh1 O-O-O 13.Qf3 g6 14.Bd2 h5 15.
b4 Qb6 16.a4 Bg4 17.a5 Bxf3 18.axb6 Be4 19.bxa7 Nxa7 20.Bxe4 dxe4 21.Be3 
Nb5 22.c4 Rd3 23.Ra8+ Kd7 24.Bc5 Nd6 25.Bxd6 cxd6 26.Nxe4 Bg7 27.Ra7 Kc6 
28.c5 dxc5 29.Nxc5 Bd4 30.Nxd3 Bxa7 31.Ne5+ Kb5 32.Nxf7 Rf8 33.Ne5 g5 34.
f5 Kxb4 35.g4 hxg4 36.Kg2 Bd4 37.Ng6 Rf6 38.Kg3 b5 39.Kxg4 Be3 40.Re1 Bd2 
41.Re6 Rf7 42.f6 Kc5 43.Kf5 Rh7 44.Re2 Bc3 45.Ne5 Kd6 46.f7 Ke7 47.Kg6 Rh8
48.Ng4+ Kd8 49.Nf6 1-0

[Event "10th Essent op"]
[Site "Hoogeveen NED"]
[Date "2006.10.24"]
[Round "5.31"]
[White "Cako, Laszlo"]
[Black "Wempe, Joost"]
[Result "1-0"]
[WhiteElo "2174"]
[BlackElo "2268"]
[EventDate "2006.10.20"]
[PlyCount "91"]

1.e4 e6 2.d4 d5 3.Nc3 Bb4 4.e5 c5 5.a3 Bxc3+ 6.bxc3 Ne7 7.Nf3 Bd7 8.a4 Qa5
9.Bd2 Nbc6 10.Bb5 f6 11.Qe2 Qc7 12.exf6 gxf6 13.O-O c4 14.Nh4 Ng6 15.Bxc6 
bxc6 16.Qh5 O-O 17.Bh6 Rfc8 18.Nxg6 Be8 19.Qg4 Bxg6 20.Qxe6+ Qf7 21.Qd6 
Bxc2 22.Rfe1 Qg6 23.Bf4 Be4 24.Bg3 f5 25.Qf4 Re8 26.a5 Qg4 27.f3 Qxf4 28.
Bxf4 Bc2 29.Be5 a6 30.Re2 Bb3 31.Kf2 Kf7 32.Kg3 Re6 33.Kf4 Kg6 34.Rg1 h5 
35.h3 Rg8 36.g4 fxg4 37.hxg4 hxg4 38.Rxg4+ Kf7 39.Rh2 Rxg4+ 40.fxg4 Ba4 
41.Kf5 Re7 42.g5 Bd1 43.g6+ Ke8 44.Kf6 Bg4 45.Rh8+ Kd7 46.Rh7 1-0

[Event "10th Essent op"]
[Site "Hoogeveen NED"]
[Date "2006.10.24"]
[Round "5.32"]
[White "Van Weersel, Arlette"]
[Black "De Jong, Migchiel"]
[Result "1/2-1/2"]
[WhiteElo "2156"]
[BlackElo "2263"]
[EventDate "2006.10.20"]
[PlyCount "77"]

1.g3 Nf6 2.Bg2 d5 3.Nf3 e6 4.O-O Be7 5.d3 c5 6.Nbd2 Nc6 7.e4 b6 8.Re1 Bb7 
9.e5 Nd7 10.c3 Qc7 11.Qe2 g5 12.h3 h5 13.Nf1 g4 14.hxg4 hxg4 15.N3h2 Qxe5 
16.Qd1 Qh5 17.a3 O-O-O 18.b4 Bf6 19.Bb2 Nde5 20.bxc5 bxc5 21.Rb1 c4 22.d4 
Nd3 23.Re3 Qf5 24.Re2 Bg5 25.Ba1 Rd7 26.Ra2 f6 27.Qxg4 Qg6 28.f4 Nf2 29.
Rxf2 Qxb1 30.fxg5 f5 31.Qe2 Qxa1 32.Qxe6 Qxc3 33.Bxd5 Nd8 34.Bxb7+ Nxb7 
35.Nf3 Qxa3 36.Ne5 Qd6 37.Qxf5 Qxd4 38.g6 Rg8 39.Nxd7 1/2-1/2

[Event "10th Essent op"]
[Site "Hoogeveen NED"]
[Date "2006.10.24"]
[Round "5.33"]
[White "Ten Hagen, Yorick"]
[Black "Kuipers, Stefan"]
[Result "0-1"]
[WhiteElo "2077"]
[BlackElo "2252"]
[EventDate "2006.10.20"]
[PlyCount "81"]

1.d4 d5 2.Nf3 Nf6 3.g3 c6 4.Bg2 Bf5 5.O-O Nbd7 6.b3 e6 7.Bb2 Be7 8.c4 h6 
9.Nbd2 O-O 10.Ne5 Qc7 11.Nxd7 Qxd7 12.a3 a5 13.f3 c5 14.Kh1 Rad8 15.dxc5 
Bxc5 16.Bc3 Qc7 17.Qe1 Be3 18.Rc1 d4 19.Bb2 e5 20.Rd1 Qb6 21.c5 Qxc5 22.
Nc4 Nd5 23.Qxa5 Qxa5 24.Nxa5 Nc3 25.Ra1 Nxe2 26.b4 d3 27.g4 Be6 28.Nxb7 
Rd7 29.Nc5 Bxc5 30.bxc5 f6 31.a4 Bb3 32.c6 Rc7 33.a5 Rd8 34.a6 d2 35.a7 
Ra8 36.f4 Raxa7 37.Bf3 Rxa1 38.Bxa1 d1=Q 39.Rxd1 Bxd1 40.Bd5+ Kf8 41.fxe5 
0-1

[Event "10th Essent op"]
[Site "Hoogeveen NED"]
[Date "2006.10.24"]
[Round "5.35"]
[White "Ahlers, Ben"]
[Black "Ebels, Theo"]
[Result "1-0"]
[WhiteElo "2184"]
[BlackElo "2101"]
[EventDate "2006.10.20"]
[PlyCount "172"]

1.d4 d5 2.Nf3 Nf6 3.c4 c6 4.Nc3 dxc4 5.a4 Na6 6.e4 Bg4 7.Bxc4 e6 8.O-O Bb4
9.e5 Nd5 10.Nxd5 exd5 11.Bxa6 bxa6 12.Qd3 a5 13.Bg5 Qb6 14.Rac1 h6 15.Bf4 
O-O 16.Ne1 Bh5 17.Qe3 Rac8 18.Nd3 Bg6 19.Nc5 Bxc5 20.Rxc5 Qxb2 21.Rxa5 Qb6
22.Rc5 Qb4 23.a5 Rfe8 24.h4 Qa4 25.Rfc1 Rb8 26.Rxc6 Qxa5 27.e6 Rb1 28.Rxb1
Bxb1 29.e7 Qa4 30.Rc7 Be4 31.f3 Bf5 32.Qe5 Be6 33.Kh2 a5 34.Bg3 Qb4 35.Qd6
Qxd6 36.Bxd6 Ra8 37.Ra7 Rc8 38.Bc7 f6 39.Bd8 Kf7 40.Rxa5 Rc4 41.Ra6 Bd7 
42.Rd6 Bc6 43.Kg3 Bb7 44.Rd7 Bc6 45.Rd6 Bb7 46.Rb6 Bc6 47.Kf2 Be8 48.Ke3 
Rc3+ 49.Kd2 Rc4 50.Kd3 Ba4 51.Rb2 Be8 52.g4 Bd7 53.Rb7 Ba4 54.Ra7 Bc2+ 55.
Ke3 Ba4 56.Bb6 Be8 57.Bc5 Rc3+ 58.Kf2 Rc2+ 59.Kg3 Rb2 60.Ra8 Rb7 61.Rd8 
Rd7 62.h5 f5 63.Kf4 fxg4 64.fxg4 Rb7 65.Rxd5 Rb1 66.Rf5+ Ke6 67.Rf8 Kd7 
68.Rg8 Rf1+ 69.Ke4 Re1+ 70.Kd3 Rg1 71.Rxg7 Bxh5 72.Rg8 Be8 73.Ke3 h5 74.g5
h4 75.Kf2 Rg4 76.Kf3 Rg1 77.d5 Rd1 78.d6 h3 79.Rh8 Rd3+ 80.Ke2 Rd5 81.Bb4 
Rxg5 82.Rxh3 Re5+ 83.Kd3 Rd5+ 84.Kc3 Rxd6 85.Bxd6 Kxd6 86.Kd4 Kxe7 1-0

[Event "10th Essent op"]
[Site "Hoogeveen NED"]
[Date "2006.10.24"]
[Round "5.36"]
[White "Galje, Hans"]
[Black "Mijnheer, Peter"]
[Result "1/2-1/2"]
[WhiteElo "2110"]
[BlackElo "2232"]
[EventDate "2006.10.20"]
[PlyCount "68"]

1.f4 e5 2.fxe5 d6 3.exd6 Bxd6 4.Nf3 Nf6 5.Nc3 Bg4 6.e3 Nc6 7.Bb5 O-O 8.
Bxc6 bxc6 9.O-O Re8 10.b3 Bh5 11.Bb2 Ng4 12.Qe1 Bg6 13.Rc1 Qe7 14.Nd1 Rad8
15.h3 Nh6 16.g4 f5 17.g5 Nf7 18.h4 Bh5 19.Qf2 c5 20.d3 c6 21.Qg2 Bc7 22.
Bf6 Qd6 23.Bxd8 Qxd8 24.Nb2 Rxe3 25.Nc4 Rxf3 26.Rxf3 Bxf3 27.Qxf3 Qd4+ 28.
Qe3 Qg4+ 29.Kf1 g6 30.Re1 Bg3 31.Re2 Qh3+ 32.Rg2 Qh1+ 33.Qg1 Qh3 34.Qe3 
Qh1+ 1/2-1/2

[Event "10th Essent op"]
[Site "Hoogeveen NED"]
[Date "2006.10.24"]
[Round "5.37"]
[White "Hulshof, Peter"]
[Black "Hendriks, Peter"]
[Result "1-0"]
[WhiteElo "2158"]
[BlackElo "2092"]
[EventDate "2006.10.20"]
[PlyCount "81"]

1.g3 d5 2.Bg2 Nc6 3.d4 Bg4 4.c3 e6 5.Nd2 Nf6 6.Qb3 Rb8 7.Ngf3 Bd6 8.h3 Bh5
9.O-O O-O 10.Re1 e5 11.dxe5 Nxe5 12.Nxe5 Bxe5 13.Nf3 Bd6 14.Bg5 c6 15.Qa4 
Bc5 16.Qh4 Bg6 17.Bxf6 Qxf6 18.Qxf6 gxf6 19.Nd4 Rfe8 20.e3 Rbc8 21.h4 a6 
22.Bf3 Ba7 23.Rad1 Re5 24.Ne2 Bf5 25.Nf4 Kf8 26.Rd2 Ke7 27.Kg2 Rc7 28.Red1
Rc8 29.Ne2 Bb6 30.Nd4 Bd7 31.Nb3 Kf8 32.c4 dxc4 33.Rxd7 cxb3 34.Rxb7 Rb5 
35.a4 Rb4 36.Rdd7 Bc5 37.Rxf7+ Ke8 38.Rxh7 Rxb7 39.Rxb7 Rd8 40.Bxc6+ Kf8 
41.Rxb3 1-0

[Event "10th Essent op"]
[Site "Hoogeveen NED"]
[Date "2006.10.24"]
[Round "5.38"]
[White "Hendriks, Theo"]
[Black "Wielenga, Wiebe"]
[Result "0-1"]
[WhiteElo "2090"]
[BlackElo "2154"]
[EventDate "2006.10.20"]
[PlyCount "102"]

1.e4 e5 2.Nf3 Nc6 3.Bb5 a6 4.Ba4 Nf6 5.O-O Be7 6.Re1 b5 7.Bb3 d6 8.c3 O-O 
9.h3 Na5 10.Bc2 c5 11.d4 Nd7 12.Nbd2 exd4 13.cxd4 Nc6 14.Nf1 Bf6 15.Bf4 
cxd4 16.Bxd6 Re8 17.e5 Ndxe5 18.Nxe5 Nxe5 19.Be4 Ra7 20.Bc5 Rd7 21.f4 Ng6 
22.Bc6 Rxe1 23.Qxe1 Nxf4 24.Qe4 Ne6 25.Re1 g6 26.Bxd7 Qxd7 27.Bb4 Bb7 28.
Qg4 Qc6 29.Bd2 h5 30.Qf3 Qxf3 31.gxf3 Bxf3 32.Rc1 Bb7 33.b3 Bd8 34.Kf2 Bb6
35.Ke2 Kg7 36.Ng3 h4 37.Nh1 f5 38.Nf2 Kf6 39.Nd3 g5 40.b4 Bd5 41.Nc5 Bxc5 
42.bxc5 Bc4+ 43.Kf3 Nxc5 44.Ba5 Ne4 45.a4 Ke5 46.axb5 axb5 47.Rb1 Kd5 48.
Bb4 d3 49.Rb2 Kd4 50.Bf8 d2 51.Bg7+ Kd3 0-1

[Event "10th Essent op"]
[Site "Hoogeveen NED"]
[Date "2006.10.24"]
[Round "5.39"]
[White "Hendriks, Richard V"]
[Black "Van Geffen, Ben"]
[Result "1/2-1/2"]
[WhiteElo "2106"]
[BlackElo "2132"]
[EventDate "2006.10.20"]
[PlyCount "90"]

1.e3 g6 2.d4 Bg7 3.Nf3 Nf6 4.c4 c5 5.Nc3 O-O 6.Be2 d5 7.cxd5 Nxd5 8.O-O 
Nc6 9.Qb3 Nxc3 10.bxc3 cxd4 11.cxd4 b6 12.Ba3 Be6 13.Qa4 Qd5 14.Rac1 Na5 
15.Bxe7 Rfc8 16.Rxc8+ Rxc8 17.Ba6 Bd7 18.Qd1 Re8 19.Ba3 Qxa2 20.Qa1 Qd5 
21.Rc1 Nb3 22.Qa2 Qa5 23.Qxb3 Qxa6 24.Ng5 Be6 25.d5 Bd7 26.d6 Rf8 27.h3 h6
28.Nf3 Rc8 29.Rxc8+ Qxc8 30.Bb2 Qc5 31.Ba3 Qb5 32.Qc2 Qc6 33.Qd3 Qb5 34.
Qe4 Qc6 35.Qe7 Qc8 36.Ne5 Bxe5 37.Qxe5 Qe8 38.Qd4 Qe6 39.Bb2 f6 40.Bc3 Kf7
41.Bb2 Bc6 42.f3 Ke8 43.e4 Qe5 44.Qc4 Qc5+ 45.Qxc5 bxc5 1/2-1/2

[Event "10th Essent op"]
[Site "Hoogeveen NED"]
[Date "2006.10.24"]
[Round "5.41"]
[White "Drost, Peter"]
[Black "Friesen, Boris"]
[Result "1-0"]
[WhiteElo "2137"]
[BlackElo "2154"]
[EventDate "2006.10.20"]
[PlyCount "99"]

1.e4 e6 2.d4 d5 3.Nc3 Nf6 4.Bg5 dxe4 5.Nxe4 Be7 6.Bxf6 Bxf6 7.Nf3 Nd7 8.
Qd2 O-O 9.O-O-O b6 10.Bd3 Bb7 11.h4 Bxe4 12.Bxe4 Rc8 13.Qe2 g6 14.h5 Kg7 
15.Qe3 Rh8 16.Qf4 g5 17.h6+ Kf8 18.Qg3 c6 19.Rh5 Qc7 20.Qxc7 Rxc7 21.Nxg5 
Bxg5+ 22.Rxg5 Nf6 23.Bf3 Rg8 24.Rxg8+ Nxg8 25.Rh1 Ke7 26.g4 Kd6 27.Be4 Nf6
28.Bf3 Ng8 29.g5 Ne7 30.Be4 Ng6 31.f4 Re7 32.Kd2 Nf8 33.Ke3 Ng6 34.c4 Rc7 
35.b4 Ke7 36.c5 b5 37.a4 bxa4 38.Ra1 Kd7 39.Rxa4 Nf8 40.Ra6 Ng6 41.f5 exf5
42.Bxf5+ Ke7 43.Bxg6 fxg6 44.Ke4 Kd8 45.d5 cxd5+ 46.Kxd5 Rb7 47.Kc4 Rf7 
48.Rf6 Re7 49.Rf8+ Kc7 50.Rg8 1-0

[Event "10th Essent op"]
[Site "Hoogeveen NED"]
[Date "2006.10.24"]
[Round "5.42"]
[White "Goudriaan, Etienne"]
[Black "Malinarski, Yehuda"]
[Result "1/2-1/2"]
[WhiteElo "2065"]
[BlackElo "2126"]
[EventDate "2006.10.20"]
[PlyCount "35"]

1.d4 Nf6 2.Nf3 e6 3.c4 b6 4.g3 Ba6 5.b3 d5 6.Bg2 Be7 7.O-O O-O 8.Nbd2 Bb7 
9.Ne5 Nbd7 10.Nxd7 Qxd7 11.Qc2 Rfd8 12.Bb2 c5 13.cxd5 Nxd5 14.dxc5 Bxc5 
15.Qe4 f5 16.Qe5 Bd6 17.Qd4 Bc5 18.Qe5 1/2-1/2

[Event "10th Essent op"]
[Site "Hoogeveen NED"]
[Date "2006.10.25"]
[Round "6.1"]
[White "Brodsky, Mikhail"]
[Black "Postny, Evgeny"]
[Result "1/2-1/2"]
[WhiteElo "2566"]
[BlackElo "2609"]
[EventDate "2006.10.20"]
[PlyCount "84"]

1.e4 e5 2.Nf3 Nc6 3.Bb5 a6 4.Ba4 Nf6 5.O-O Be7 6.Re1 b5 7.Bb3 d6 8.c3 O-O 
9.h3 Nb8 10.d4 Nbd7 11.Nbd2 Bb7 12.Bc2 c5 13.Nf1 Re8 14.Ng3 Bf8 15.d5 c4 
16.b4 cxb3 17.axb3 Qc7 18.Bd2 Nb6 19.c4 bxc4 20.Ba5 Nfd7 21.bxc4 Reb8 22.
Nd2 Nc5 23.Qe2 Bc8 24.Reb1 Qa7 25.Ra2 Nbd7 26.Rba1 g6 27.Qe3 Be7 28.Ne2 
Nf6 29.Kh2 Bd7 30.f4 Be8 31.fxe5 dxe5 32.Qf3 Nfd7 33.Ng3 Qb7 34.Ngf1 Qc8 
35.Bc3 Bd6 36.Kh1 Qd8 37.Qg3 Qe7 38.Ne3 Kh8 39.Nf3 f6 40.Qe1 Rb6 41.Nd2 
Rab8 42.Qe2 Kg8 1/2-1/2

[Event "10th Essent op"]
[Site "Hoogeveen NED"]
[Date "2006.10.25"]
[Round "6.3"]
[White "Goloshchapov, Alexander"]
[Black "Bitalzadeh, Ali"]
[Result "1-0"]
[WhiteElo "2552"]
[BlackElo "2345"]
[EventDate "2006.10.20"]
[PlyCount "77"]

1.Nf3 Nf6 2.c4 e6 3.Nc3 Bb4 4.Qc2 d5 5.a3 Be7 6.d4 O-O 7.Bf4 c5 8.dxc5 
dxc4 9.e4 Bxc5 10.Bxc4 Nc6 11.Rd1 Nd7 12.e5 Be7 13.b4 Qc7 14.Nb5 Qb8 15.
Nd6 Bxd6 16.exd6 Nf6 17.b5 Nd8 18.Rd4 Bd7 19.Be5 Nd5 20.Ng5 f5 21.Rxd5 
exd5 22.Bxd5+ Nf7 23.O-O Qe8 24.Ba1 Qd8 25.Nxf7 Rxf7 26.Re1 Rc8 27.Qb2 Qf6
28.Bxf7+ Qxf7 29.Re7 Re8 30.Qxg7+ Qxg7 31.Rxg7+ Kf8 32.h3 Bxb5 33.Rxb7 
Re1+ 34.Kh2 a6 35.d7 Rd1 36.Rb8+ Ke7 37.d8=Q+ Rxd8 38.Bf6+ Kxf6 39.Rxd8 
1-0